[Event "DEM U18 2015"]
[Site "Willingen GER"]
[Date "2015.05.24"]
[Round "1"]
[White "Lampert, Jonas"]
[Black "Hess, Max"]
[Result "1-0"]
[Termination "normal"]
[Board "1"]
[WhiteTitle "IM"]
[WhiteElo "2442"]
[BlackElo "2221"]
[WhiteClock "00:56:13"]
[BlackClock "00:17:24"]
[PlyCount "49"]
[WhiteFideId "1303759"]
[BlackFideId "24656666"]
[EventCountry "GER"]
[EventRounds "9"]
[EventType "swiss"]
[EventDate "2015.05.23"]

1. d4 Nf6 2. c4 g6 3. Nc3 Bg7 4. e4 d6 5. Be2 O-O 6. Be3 e5 7. d5 a5 8. g4 Na6
9. h4 Nc5 10. f3 c6 11. h5 cxd5 12. cxd5 a4 13. Qd2 Qa5 14. Nb5 Qb6 15. Rc1
Nfd7 16. Nh3 Ra6 17. hxg6 hxg6 18. Nf2 Qd8 19. Nd3 Nxd3+ 20. Bxd3 Nc5 21. Bc4
b6 22. Bh6 Bf6 23. g5 Bh8 24. Bxf8 Qxf8 25. Qh2 1-0

[Event "DEM U18 2015"]
[Site "Willingen GER"]
[Date "2015.05.24"]
[Round "1"]
[White "Schulz, Lukas"]
[Black "Yankelevich, Lev"]
[Result "0-1"]
[Termination "normal"]
[Board "2"]
[WhiteElo "2151"]
[BlackElo "2401"]
[WhiteClock "00:01:10"]
[BlackClock "00:39:48"]
[PlyCount "80"]
[WhiteFideId "12924881"]
[BlackFideId "24684074"]
[EventCountry "GER"]
[EventRounds "9"]
[EventType "swiss"]
[EventDate "2015.05.23"]

1. e4 c5 2. Nf3 d6 3. d4 cxd4 4. Nxd4 Nf6 5. Nc3 a6 6. Bg5 Nbd7 7. Bd3 e6 8. f4
Qb6 9. Nb3 Qe3+ 10. Qe2 Qxe2+ 11. Kxe2 h6 12. Bh4 Be7 13. Rad1 g5 14. fxg5 Nh5
15. Bf2 Nf4+ 16. Kf3 hxg5 17. Bg3 Ne5+ 18. Kf2 Ng4+ 19. Kf3 Ne5+ 20. Kf2 Bd7
21. Ne2 Ng4+ 22. Kf3 Ne5+ 23. Kf2 Nfg6 24. h3 Bd8 25. Nd2 Bb6+ 26. Kf1 Rc8 27.
Bf2 Bd8 28. Be3 b5 29. Nd4 Ng4 30. Bg1 Nf4 31. N4f3 Bf6 32. b3 Ke7 33. Ne1 Nh5
34. Bf2 Nxf2 35. Kxf2 Bd4+ 36. Kf3 Rh6 37. g3 Rf6+ 38. Kg4 e5+ 39. Kxg5 Rg6+
40. Kh4 Nxg3 0-1

[Event "DEM U18 2015"]
[Site "Willingen GER"]
[Date "2015.05.24"]
[Round "1"]
[White "Kvetny, Mark"]
[Black "Niegsch, Nicolas"]
[Result "1-0"]
[Termination "normal"]
[Board "3"]
[WhiteTitle "FM"]
[WhiteElo "2382"]
[BlackElo "2112"]
[WhiteClock "00:23:58"]
[BlackClock "00:03:18"]
[PlyCount "49"]
[WhiteFideId "24603929"]
[BlackFideId "12932140"]
[EventCountry "GER"]
[EventRounds "9"]
[EventType "swiss"]
[EventDate "2015.05.23"]

1. d4 d5 2. c4 e6 3. Nc3 c5 4. cxd5 exd5 5. Nf3 Nc6 6. dxc5 d4 7. Na4 Bxc5 8.
Nxc5 Qa5+ 9. Bd2 Qxc5 10. b4 Qd5 11. Qb3 Qxb3 12. axb3 b5 13. e3 dxe3 14. Bc3
Nge7 15. Bxb5 exf2+ 16. Kxf2 O-O 17. Bc4 Ng6 18. b5 Nce7 19. Bd4 Bb7 20. Bxa7
Nf5 21. Rhe1 Nf4 22. Bc5 Nxg2 23. Rxa8 Bxa8 24. Re5 Bxf3 25. Bxf8 1-0

[Event "DEM U18 2015"]
[Site "Willingen GER"]
[Date "2015.05.24"]
[Round "1"]
[White "Syrov, Arkadi"]
[Black "Grigorian, Spartak"]
[Result "0-1"]
[Termination "normal"]
[Board "4"]
[WhiteElo "2051"]
[BlackElo "2311"]
[WhiteClock "00:29:30"]
[BlackClock "00:39:41"]
[PlyCount "88"]
[WhiteFideId "12942448"]
[BlackFideId "24661490"]
[EventCountry "GER"]
[EventRounds "9"]
[EventType "swiss"]
[EventDate "2015.05.23"]

1. e4 c5 2. f4 e6 3. Nf3 Ne7 4. Nc3 a6 5. d4 cxd4 6. Nxd4 d5 7. e5 Nec6 8. Nce2
Bc5 9. c3 O-O 10. Be3 Ba7 11. Qd3 f6 12. exf6 Qxf6 13. O-O-O Nd7 14. Nxc6 bxc6
15. Bxa7 Rxa7 16. Qd4 Rc7 17. Qxf6 gxf6 18. Nd4 Nc5 19. Bd3 e5 20. Nb3 Ne6 21.
g3 e4 22. Be2 f5 23. Kb1 Rd8 24. Nd4 Kf7 25. Nxf5 Nxf4 26. Nh6+ Kg7 27. gxf4
Kxh6 28. b4 c5 29. bxc5 Rxc5 30. Rd4 Rxc3 31. Rhd1 Rc5 32. Ka1 e3 33. R4d3 d4
34. Rxe3 dxe3 35. Rxd8 Rc2 36. Bd3 Rd2 37. Rxc8 Rxd3 38. Re8 Kh5 39. f5 Kg5 40.
f6 Kxf6 41. Kb1 Kf5 42. Kc2 Rd2+ 43. Kc3 Kf4 44. Rf8+ Ke5 0-1

[Event "DEM U18 2015"]
[Site "Willingen GER"]
[Date "2015.05.24"]
[Round "1"]
[White "Krause, Benedict"]
[Black "Brinkmann, Fabian"]
[Result "1/2-1/2"]
[Termination "normal"]
[Board "5"]
[WhiteTitle "FM"]
[WhiteElo "2347"]
[BlackElo "1972"]
[WhiteClock "00:01:16"]
[BlackClock "00:03:59"]
[PlyCount "77"]
[WhiteFideId "12917990"]
[BlackFideId "24661414"]
[EventCountry "GER"]
[EventRounds "9"]
[EventType "swiss"]
[EventDate "2015.05.23"]

1. e4 c6 2. d4 d5 3. e5 Bf5 4. Nf3 e6 5. Be2 Nd7 6. O-O Bg6 7. Nbd2 Nh6 8. Nb3
Nf5 9. Bd2 Bh5 10. h3 Bxf3 11. Bxf3 Be7 12. Be2 O-O 13. Bd3 c5 14. Bxf5 exf5
15. Qf3 cxd4 16. Qxd5 Nc5 17. Qf3 g6 18. Nxc5 Bxc5 19. Qxb7 Rb8 20. Qc6 Qe7 21.
Bg5 Qxe5 22. Bf6 Qe6 23. Qxc5 Qxf6 24. Qxa7 Rxb2 25. Qc5 Qe6 26. a4 Rc8 27.
Qxd4 Rcxc2 28. a5 Rd2 29. Qf4 Ra2 30. Rfe1 Qf6 31. Qb8+ Kg7 32. Rxa2 Rxa2 33.
Qb4 Rb2 34. Qa3 Qd4 35. Rf1 Qd2 36. Qc5 Ra2 37. Qe5+ Kg8 38. Qe8+ Kg7 39. Qe5+
1/2-1/2

[Event "DEM U18 2015"]
[Site "Willingen GER"]
[Date "2015.05.24"]
[Round "1"]
[White "Bilchinski, Anton"]
[Black "Hoffmann, Tim"]
[Result "1/2-1/2"]
[Termination "normal"]
[Board "6"]
[WhiteElo "2252"]
[BlackElo "2102"]
[WhiteClock "00:16:26"]
[BlackClock "00:14:31"]
[PlyCount "65"]
[WhiteFideId "24615765"]
[BlackFideId "12900338"]
[EventCountry "GER"]
[EventRounds "9"]
[EventType "swiss"]
[EventDate "2015.05.23"]

1. d4 Nf6 2. c4 e6 3. Nc3 Bb4 4. e3 O-O 5. Nge2 d5 6. a3 Bd6 7. Ng3 c5 8. dxc5
Bxc5 9. b4 Bd6 10. Bb2 Nc6 11. cxd5 exd5 12. Nb5 Be5 13. Bxe5 Nxe5 14. Nd4 Re8
15. Be2 Bg4 16. h3 Bxe2 17. Ngxe2 Nc4 18. O-O Qd6 19. Nf4 a5 20. Nd3 axb4 21.
axb4 Ne4 22. Qg4 g6 23. Qf4 Qd7 24. Rfc1 f5 25. Rxa8 Rxa8 26. Ne5 Qd6 27. Nxc4
Qxf4 28. exf4 Rc8 29. f3 Nf6 30. g4 fxg4 31. fxg4 Rxc4 32. Rxc4 dxc4 33. b5
1/2-1/2

[Event "DEM U18 2015"]
[Site "Willingen GER"]
[Date "2015.05.24"]
[Round "1"]
[White "Ciolek, Andreas"]
[Black "Ruff, Maximilian"]
[Result "0-1"]
[Termination "normal"]
[Board "7"]
[WhiteElo "2099"]
[BlackElo "2276"]
[WhiteClock "00:08:27"]
[BlackClock "00:02:09"]
[PlyCount "68"]
[WhiteFideId "12906727"]
[BlackFideId "1271670"]
[EventCountry "GER"]
[EventRounds "9"]
[EventType "swiss"]
[EventDate "2015.05.23"]

1. e4 e5 2. Nf3 Nc6 3. Bb5 a6 4. Ba4 Nf6 5. O-O Nxe4 6. d4 Be7 7. Re1 b5 8. Bb3
d5 9. dxe5 Be6 10. c3 O-O 11. Be3 Na5 12. Bc2 Nc4 13. Bc1 Bg4 14. h3 Bh5 15. g4
Bg6 16. b3 Nb6 17. Nd4 Bh4 18. Bxe4 Bxe4 19. Ba3 Re8 20. Nd2 Bxf2+ 21. Kxf2
Qh4+ 22. Ke2 Qxh3 23. Nxe4 dxe4 24. Kf2 Nd5 25. Bc1 c5 26. Nf5 Nxc3 27. Qd2
Qf3+ 28. Kg1 Qxg4+ 29. Kh1 Qf3+ 30. Kg1 Qxf5 31. Qxc3 Rxe5 32. Bb2 Qg4+ 33. Kf2
Rf5+ 34. Ke3 Rf3+ 0-1

[Event "DEM U18 2015"]
[Site "Willingen GER"]
[Date "2015.05.24"]
[Round "1"]
[White "Hecht, Carsten"]
[Black "Holtel, Jasper"]
[Result "1/2-1/2"]
[Termination "normal"]
[Board "8"]
[WhiteElo "2289"]
[BlackElo "2044"]
[WhiteClock "00:17:18"]
[BlackClock "00:49:52"]
[PlyCount "88"]
[WhiteFideId "24693928"]
[BlackFideId "12956376"]
[EventCountry "GER"]
[EventRounds "9"]
[EventType "swiss"]
[EventDate "2015.05.23"]

1. e4 c5 2. Nf3 d6 3. d4 cxd4 4. Nxd4 Nf6 5. Nc3 Bd7 6. Bg5 e6 7. f4 Be7 8. Qf3
Nc6 9. O-O-O Nxd4 10. Rxd4 Qb6 11. Rd2 Rc8 12. Bd3 Rxc3 13. bxc3 O-O 14. Bxf6
Bxf6 15. e5 Be7 16. Qe4 g6 17. Qd4 Qa5 18. exd6 Qxa2 19. Rdd1 Bd8 20. Qb4 Bb6
21. Kd2 Qd5 22. Qe4 Qxd6 23. Qe5 Qxe5 24. fxe5 Bc6 25. Rhe1 Bxg2 26. Be4 Bxe4
27. Rxe4 Rd8+ 28. Ke2 Rxd1 29. Kxd1 Bc5 30. Ke2 Kg7 31. Kf3 a5 32. Rc4 b6 33.
h3 h5 34. h4 Kf8 35. Re4 Ke7 36. Re1 a4 37. Re4 b5 38. Re1 Kd7 39. Ke4 Ba3 40.
Rb1 Kc6 41. c4 b4 42. Kd4 Kb6 43. c5+ Kb5 44. c6 Kxc6 1/2-1/2

[Event "DEM U18 2015"]
[Site "Willingen GER"]
[Date "2015.05.24"]
[Round "1"]
[White "Eichstaedt, Mirko"]
[Black "Kramer, Julian"]
[Result "1/2-1/2"]
[Termination "normal"]
[Board "9"]
[WhiteElo "2044"]
[BlackElo "2322"]
[PlyCount "84"]
[WhiteFideId "24692310"]
[BlackFideId "12921742"]
[EventCountry "GER"]
[EventRounds "9"]
[EventType "swiss"]
[EventDate "2015.05.23"]

1. d4 d5 2. c4 c6 3. cxd5 cxd5 4. Nf3 Nf6 5. Nc3 Nc6 6. Bf4 Nh5 7. Bg5 h6 8.
Bh4 g5 9. Bg3 Nxg3 10. hxg3 Bg7 11. e3 e6 12. Bd3 Bd7 13. a3 Qe7 14. Rc1 O-O
15. Bb1 f5 16. b4 g4 17. Ng1 a5 18. b5 Na7 19. a4 Nc8 20. Nge2 Nd6 21. Nf4 Rfc8
22. O-O Be8 23. Ba2 Bf7 24. Qe2 h5 25. Rc2 h4 26. gxh4 Qxh4 27. g3 Qg5 28. Rfc1
Qd8 29. Kg2 Rc7 30. Nb1 Rac8 31. Bb3 Ne4 32. Rxc7 Rxc7 33. Rxc7 Qxc7 34. Qc2
Qxc2 35. Bxc2 Kf8 36. Nd3 Ke7 37. Kf1 Kd8 38. Ke1 Bf8 39. Nd2 Nc3 40. Nb1 Ne4
41. Nd2 Nd6 42. Bb3 Be7 1/2-1/2

[Event "DEM U18 2015"]
[Site "Willingen GER"]
[Date "2015.05.24"]
[Round "1"]
[White "Müller, Nils Samuel"]
[Black "Pfreundt, Jakob"]
[Result "0-1"]
[Termination "normal"]
[Board "10"]
[WhiteElo "1812"]
[BlackElo "2273"]
[PlyCount "126"]
[WhiteFideId "24654361"]
[BlackFideId "12918156"]
[EventCountry "GER"]
[EventRounds "9"]
[EventType "swiss"]
[EventDate "2015.05.23"]

1. e4 e5 2. Nf3 Nc6 3. Bb5 Nf6 4. d3 d6 5. c3 Bd7 6. O-O g6 7. Re1 Bg7 8. d4
O-O 9. d5 Nb8 10. Bxd7 Nbxd7 11. c4 a5 12. Nc3 Nc5 13. b3 Nfd7 14. a3 f5 15.
Rb1 Nf6 16. Bg5 h6 17. Bxf6 Qxf6 18. b4 axb4 19. axb4 Nxe4 20. Nxe4 fxe4 21.
Rxe4 Qf5 22. Qe2 h5 23. Rf1 Ra4 24. Nh4 Qg5 25. Nf3 Qf5 26. Nh4 Qf6 27. c5 Rfa8
28. g3 Ra2 29. Qb5 g5 30. Ng2 Qf3 31. Qc4 Rd2 32. Ne1 Qf7 33. cxd6 cxd6 34. Nd3
Raa2 35. Qb5 Kh7 36. Nc1 Rac2 37. Re2 Rxd5 38. Qb6 Rxe2 39. Nxe2 Rd2 40. Qe3
Rc2 41. Nc1 Qg6 42. Qb6 d5 43. Qxb7 d4 44. b5 e4 45. Qd5 Rb2 46. Nb3 e3 47.
Nxd4 exf2+ 48. Rxf2 Rb1+ 49. Kg2 Rd1 50. Qf5 Rxd4 51. Qxg6+ Kxg6 52. Rb2 Rd6
53. Rb3 Bd4 54. Kf3 Kf5 55. h3 g4+ 56. Kg2 Bb6 57. Rb2 Ke4 58. Re2+ Be3 59. b6
Rxb6 60. Ra2 Rd6 61. Ra5 Rd2+ 62. Kh1 Kf3 63. Rf5+ Kxg3 0-1

[Event "DEM U18 2015"]
[Site "Willingen GER"]
[Date "2015.05.24"]
[Round "1"]
[White "Vöge, Tobias"]
[Black "Engert, Marvin"]
[Result "1-0"]
[Termination "normal"]
[Board "11"]
[WhiteElo "2141"]
[BlackElo "1727"]
[PlyCount "62"]
[WhiteFideId "1270513"]
[BlackFideId "12901164"]
[EventCountry "GER"]
[EventRounds "9"]
[EventType "swiss"]
[EventDate "2015.05.23"]

1. d4 Nf6 2. c4 g6 3. Nc3 Bg7 4. Bg5 d6 5. e3 O-O 6. Nf3 Nbd7 7. Be2 e5 8. dxe5
dxe5 9. O-O h6 10. Bh4 c6 11. Nd2 Qb6 12. a3 Nh7 13. b4 g5 14. Bg3 f5 15. c5
Qc7 16. f3 Ndf6 17. Nc4 f4 18. Bf2 Rd8 19. Nd6 Be6 20. Qc2 h5 21. Rad1 Qe7 22.
Rfe1 Nf8 23. exf4 gxf4 24. Bh4 Qc7 25. Nce4 N8h7 26. Bc4 Bd5 27. Nxf6+ Bxf6 28.
Bxf6 Nxf6 29. Rxe5 Qg7 30. Rde1 b5 31. Nf5 Qf8 1-0

[Event "DEM U18 2015"]
[Site "Willingen GER"]
[Date "2015.05.24"]
[Round "1"]
[White "Siegert, Gregor"]
[Black "Xu, Xianliang"]
[Result "0-1"]
[Termination "normal"]
[Board "12"]
[WhiteElo "1839"]
[BlackElo "2117"]
[PlyCount "70"]
[WhiteFideId "1271250"]
[BlackFideId "4603230"]
[EventCountry "GER"]
[EventRounds "9"]
[EventType "swiss"]
[EventDate "2015.05.23"]

1. Nf3 c5 2. g3 Nc6 3. Bg2 g6 4. O-O Bg7 5. d3 d6 6. e4 e5 7. Nc3 Nge7 8. Be3
O-O 9. Nh4 Be6 10. Nd5 Qd7 11. Qd2 Rae8 12. c3 Bh3 13. Nxe7+ Rxe7 14. f4 exf4
15. Bxf4 Bxg2 16. Kxg2 d5 17. exd5 Qxd5+ 18. Nf3 Rd8 19. Rad1 Qxa2 20. Qf2 Rde8
21. Rd2 b6 22. c4 Qa6 23. Bd6 Rd7 24. Re2 Red8 25. Ne5 Nxe5 26. Bxe5 Qb7+ 27.
Kg1 Bxe5 28. Rxe5 Rxd3 29. Qe2 Qd7 30. Re7 Qd4+ 31. Rf2 Rd1+ 32. Kg2 Rd2 33.
Re8+ Kg7 34. Rxd8 Rxe2 35. Rxd4 Rxf2+ 0-1

[Event "DEM U18 2015"]
[Site "Willingen GER"]
[Date "2015.05.24"]
[Round "1"]
[White "Peil, Christoph"]
[Black "Heldt, Ronny"]
[Result "1-0"]
[Termination "normal"]
[Board "13"]
[WhiteElo "2227"]
[BlackElo "1871"]
[PlyCount "36"]
[WhiteFideId "24651800"]
[BlackFideId "12903973"]
[EventCountry "GER"]
[EventRounds "9"]
[EventType "swiss"]
[EventDate "2015.05.23"]

1. d4 e6 2. c4 d5 3. Nc3 Be7 4. Nf3 c6 5. e4 dxe4 6. Nxe4 Nf6 7. Bd3 Nbd7 8.
Nc3 a6 9. O-O O-O 10. Re1 b5 11. Ne5 Bb7 12. Qf3 Qc8 13. Bg5 h6 14. Bh4 bxc4
15. Bxc4 c5 16. d5 Nxd5 17. Bxd5 Bxd5 18. Nxd5 Nxe5 1-0

[Event "DEM U18 2015"]
[Site "Willingen GER"]
[Date "2015.05.24"]
[Round "1"]
[White "Schäfer, Marlon"]
[Black "Grimm, Julius"]
[Result "0-1"]
[Termination "normal"]
[Board "14"]
[WhiteElo "1669"]
[BlackElo "2108"]
[PlyCount "96"]
[WhiteFideId "16208773"]
[BlackFideId "12916986"]
[EventCountry "GER"]
[EventRounds "9"]
[EventType "swiss"]
[EventDate "2015.05.23"]

1. e4 g6 2. d4 Bg7 3. Be3 d6 4. Nc3 a6 5. Qd2 Nd7 6. Bd3 b5 7. Nf3 Bb7 8. Ne2
c5 9. c3 e5 10. d5 c4 11. Bc2 Ngf6 12. Bh6 O-O 13. h4 Bxh6 14. Qxh6 Ng4 15. Qg5
h5 16. Nd2 Kg7 17. Ng3 Qxg5 18. hxg5 f6 19. gxf6+ Rxf6 20. Nf3 Nc5 21. Ke2 Bc8
22. Raf1 Bd7 23. Nd2 Rff8 24. f3 Nf6 25. Rd1 Rh8 26. Ke3 g5 27. Rdg1 Kf7 28.
Rh2 h4 29. Ne2 Nh5 30. Rgh1 Nf4 31. Ng1 Kg7 32. Nh3 Bxh3 33. gxh3 Kf6 34. Rg1
Rhc8 35. b3 cxb3 36. axb3 a5 37. c4 b4 38. Ra1 Rcb8 39. Nf1 a4 40. bxa4 b3 41.
Bd1 Nxa4 42. Nd2 Nc3 43. Rc1 Nxd1+ 44. Rxd1 Ra2 45. Rb1 Rc2 46. Rhh1 b2 47. Rh2
Rb4 48. Rhh1 Rb3+ 0-1

[Event "DEM U18 2015"]
[Site "Willingen GER"]
[Date "2015.05.24"]
[Round "2"]
[White "Pfreundt, Jakob"]
[Black "Lampert, Jonas"]
[Result "1/2-1/2"]
[Termination "normal"]
[Board "1"]
[BlackTitle "IM"]
[WhiteElo "2273"]
[BlackElo "2442"]
[WhiteClock "00:14:55"]
[BlackClock "00:00:46"]
[PlyCount "143"]
[WhiteFideId "12918156"]
[BlackFideId "1303759"]
[EventCountry "GER"]
[EventRounds "9"]
[EventType "swiss"]
[EventDate "2015.05.23"]

1. Nf3 d5 2. g3 g6 3. d4 Bg7 4. c4 dxc4 5. Bg2 c6 6. Qc2 Bg4 7. Nbd2 Nd7 8. h3
Bxf3 9. Nxf3 Nb6 10. e4 Nf6 11. Be3 Nfd7 12. Rd1 O-O 13. Nd2 e5 14. dxe5 c3 15.
bxc3 Nxe5 16. Nc4 Qc7 17. Nxe5 Qxe5 18. Bd4 Qb5 19. Qe2 Na4 20. Qxb5 cxb5 21.
e5 Bxe5 22. O-O Bxd4 23. cxd4 Rad8 24. Bxb7 Nc3 25. Rde1 Rxd4 26. Re3 Nxa2 27.
Ra3 Ra4 28. Rxa4 bxa4 29. Ra1 Nc3 30. Bc6 Rb8 31. Bxa4 Rb1+ 32. Rxb1 Nxb1 33.
Bc2 Nc3 34. Kf1 Kf8 35. Ke1 Ke7 36. Kd2 Nd5 37. h4 Kd6 38. h5 Ke5 39. hxg6 hxg6
40. Bb3 Kd4 41. Ba2 f6 42. f4 Nc3 43. Bf7 Ne4+ 44. Kc2 Nxg3 45. Bxg6 Ne2 46. f5
Ke5 47. Kb3 Nd4+ 48. Kb4 Nxf5 49. Kb5 Ne7 50. Bc2 Nd5 51. Bb3 Nc7+ 52. Kc6 Ne6
53. Bd1 f5 54. Kb7 Nd4 55. Kxa7 Ke4 56. Kb6 Ke3 57. Bh5 Ne6 58. Kb5 Nf4 59. Bf7
Nd3 60. Bg6 f4 61. Bh5 Kd4 62. Bg4 Ne5 63. Bh5 Nd7 64. Kb4 Nf6 65. Bf3 Ke3 66.
Bh1 Ne4 67. Kb3 Ng3 68. Bg2 Kf2 69. Bd5 Ke3 70. Bg2 Nf5 71. Kc2 Nd4+ 72. Kc1
1/2-1/2

[Event "DEM U18 2015"]
[Site "Willingen GER"]
[Date "2015.05.24"]
[Round "2"]
[White "Xu, Xianliang"]
[Black "Kvetny, Mark"]
[Result "1/2-1/2"]
[Termination "normal"]
[Board "3"]
[BlackTitle "FM"]
[WhiteElo "2117"]
[BlackElo "2382"]
[WhiteClock "00:04:00"]
[BlackClock "00:08:48"]
[PlyCount "54"]
[WhiteFideId "4603230"]
[BlackFideId "24603929"]
[EventCountry "GER"]
[EventRounds "9"]
[EventType "swiss"]
[EventDate "2015.05.23"]

1. e4 c5 2. c3 d5 3. exd5 Qxd5 4. d4 Nc6 5. Nf3 Bf5 6. Be3 Nf6 7. Na3 cxd4 8.
Nb5 O-O-O 9. Nbxd4 Ng4 10. Qc1 e6 11. Be2 Nxe3 12. Qxe3 Bc5 13. O-O Qe4 14.
Qxe4 Bxe4 15. Nxc6 Bxc6 16. Rfd1 f6 17. b4 Be7 18. Nd4 Bd7 19. Bc4 e5 20. Ne6
Bxe6 21. Bxe6+ Kc7 22. Kf1 Rd6 23. Rxd6 Bxd6 24. a3 Re8 25. Bd5 e4 26. Re1 f5
27. g3 Re5 1/2-1/2

[Event "DEM U18 2015"]
[Site "Willingen GER"]
[Date "2015.05.24"]
[Round "2"]
[White "Grigorian, Spartak"]
[Black "Peil, Christoph"]
[Result "1-0"]
[Termination "normal"]
[Board "4"]
[WhiteElo "2311"]
[BlackElo "2227"]
[WhiteClock "00:53:25"]
[BlackClock "00:00:35"]
[PlyCount "61"]
[WhiteFideId "24661490"]
[BlackFideId "24651800"]
[EventCountry "GER"]
[EventRounds "9"]
[EventType "swiss"]
[EventDate "2015.05.23"]

1. d4 Nf6 2. Bg5 d5 3. Bxf6 gxf6 4. Nf3 Bg4 5. Nbd2 e6 6. c4 c5 7. cxd5 Qxd5 8.
dxc5 Bxf3 9. Nxf3 Qxd1+ 10. Rxd1 Bxc5 11. a3 Nc6 12. e3 Ke7 13. Bb5 Rac8 14.
Rc1 Nb8 15. Ke2 Bd6 16. g3 a6 17. Bd3 h6 18. Be4 Nd7 19. Nd2 b5 20. Nb3 Nc5 21.
Nxc5 Rxc5 22. Rxc5 Bxc5 23. Rc1 Bb6 24. Bb7 a5 25. Rc6 Bd8 26. b4 Rg8 27. f4 h5
28. Kf3 f5 29. Rc5 axb4 30. axb4 h4 31. gxh4 1-0

[Event "DEM U18 2015"]
[Site "Willingen GER"]
[Date "2015.05.24"]
[Round "2"]
[White "Ruff, Maximilian"]
[Black "Grimm, Julius"]
[Result "1/2-1/2"]
[Termination "normal"]
[Board "5"]
[WhiteElo "2276"]
[BlackElo "2108"]
[WhiteClock "00:10:35"]
[BlackClock "00:25:12"]
[PlyCount "97"]
[WhiteFideId "1271670"]
[BlackFideId "12916986"]
[EventCountry "GER"]
[EventRounds "9"]
[EventType "swiss"]
[EventDate "2015.05.23"]

1. e4 g6 2. d4 Bg7 3. Nc3 d6 4. g3 Nf6 5. Bg2 O-O 6. Nge2 Nbd7 7. O-O c5 8. d5
Rb8 9. a4 b6 10. h3 a6 11. g4 b5 12. axb5 axb5 13. Ng3 b4 14. Nce2 Bb7 15. g5
Ne8 16. h4 Ra8 17. Rxa8 Qxa8 18. Bh3 Bc8 19. Kg2 Ne5 20. Rh1 e6 21. Nf4 exd5
22. Bxc8 Qxc8 23. Nxd5 Qd8 24. h5 Nc7 25. Nxc7 Qxc7 26. f4 Nc6 27. Qg4 Nd4 28.
c3 Nb3 29. f5 Be5 30. Bf4 bxc3 31. Bxe5 dxe5 32. bxc3 Rd8 33. Rd1 Rd6 34. fxg6
hxg6 35. hxg6 fxg6 36. Rxd6 Qxd6 37. Qc8+ Qf8 38. Qe6+ Qf7 39. Qxe5 Nd2 40. Qd5
Qxd5 41. exd5 Kf7 42. Kf2 Ke7 43. Ke2 Nc4 44. Ne4 Nb6 45. Kd3 Nxd5 46. Kc4 Ne3+
47. Kxc5 Ke6 48. c4 Kf5 49. Nd6+ 1/2-1/2

[Event "DEM U18 2015"]
[Site "Willingen GER"]
[Date "2015.05.24"]
[Round "2"]
[White "Hoffmann, Tim"]
[Black "Krause, Benedict"]
[Result "0-1"]
[Termination "normal"]
[Board "6"]
[BlackTitle "FM"]
[WhiteElo "2102"]
[BlackElo "2347"]
[WhiteClock "00:39:55"]
[BlackClock "00:47:11"]
[PlyCount "52"]
[WhiteFideId "12900338"]
[BlackFideId "12917990"]
[EventCountry "GER"]
[EventRounds "9"]
[EventType "swiss"]
[EventDate "2015.05.23"]

1. e4 c6 2. d4 d5 3. e5 Bf5 4. Nf3 e6 5. Be2 Nd7 6. Nbd2 Bg6 7. Nb3 Nh6 8. O-O
Nf5 9. a4 Be7 10. Bd2 O-O 11. Bd3 c5 12. dxc5 Nxc5 13. Nxc5 Bxc5 14. b4 Be7 15.
Bxf5 Bxf5 16. Nd4 Bg6 17. c3 a5 18. b5 Rc8 19. f4 Rc4 20. Qb3 Bc5 21. Be3 Bb6
22. Rf3 Qc7 23. Bf2 Be4 24. Rg3 Rc8 25. Ne2 h5 26. Ra3 Rb4 0-1

[Event "DEM U18 2015"]
[Site "Willingen GER"]
[Date "2015.05.24"]
[Round "2"]
[White "Kramer, Julian"]
[Black "Hecht, Carsten"]
[Result "1/2-1/2"]
[Termination "normal"]
[Board "7"]
[WhiteElo "2322"]
[BlackElo "2289"]
[WhiteClock "00:05:27"]
[BlackClock "00:00:37"]
[PlyCount "69"]
[WhiteFideId "12921742"]
[BlackFideId "24693928"]
[EventCountry "GER"]
[EventRounds "9"]
[EventType "swiss"]
[EventDate "2015.05.23"]

1. e4 c5 2. Nf3 e6 3. d4 cxd4 4. Nxd4 Nc6 5. Nc3 Qc7 6. f4 a6 7. Nxc6 Qxc6 8.
Bd3 Bb4 9. Bd2 b5 10. Qg4 g6 11. O-O-O Bb7 12. Rhe1 O-O-O 13. Kb1 f5 14. Qe2
Bc5 15. exf5 gxf5 16. Nxb5 Ne7 17. Nc3 Rdg8 18. g3 h5 19. Be3 Bxe3 20. Qxe3 h4
21. Rg1 hxg3 22. hxg3 Rh6 23. Bf1 Rh2 24. Rd2 Rxd2 25. Qxd2 Qc5 26. Ne2 Qf2 27.
Qc3+ Kb8 28. Qd4 Qxd4 29. Nxd4 Nd5 30. Ne2 Ne3 31. Kc1 Bf3 32. Nd4 Nxf1 33.
Nxf3 Nxg3 34. Nd4 Rg4 35. Kd1 1/2-1/2

[Event "DEM U18 2015"]
[Site "Willingen GER"]
[Date "2015.05.24"]
[Round "2"]
[White "Holtel, Jasper"]
[Black "Bilchinski, Anton"]
[Result "0-1"]
[Termination "normal"]
[Board "8"]
[WhiteElo "2044"]
[BlackElo "2252"]
[WhiteClock "00:30:13"]
[BlackClock "00:35:32"]
[PlyCount "88"]
[WhiteFideId "12956376"]
[BlackFideId "24615765"]
[EventCountry "GER"]
[EventRounds "9"]
[EventType "swiss"]
[EventDate "2015.05.23"]

1. e4 g6 2. d4 Bg7 3. Nc3 d6 4. f4 a6 5. Nf3 b5 6. Bd3 Nd7 7. e5 Nh6 8. Qe2 O-O
9. h3 c5 10. Be4 Rb8 11. Be3 b4 12. Na4 Qa5 13. b3 d5 14. Bxd5 cxd4 15. Bxf7+
Nxf7 16. Nxd4 Nd8 17. h4 Nb6 18. Nxb6 Qxb6 19. h5 Ne6 20. hxg6 hxg6 21. Nxe6
Qxe6 22. O-O-O a5 23. Qe1 Qg4 24. g3 Qf3 25. Bc5 Rb7 26. Kb1 Qc6 27. Bd4 Bf5
28. Qe2 Rc8 29. Rh2 Qe6 30. Rd2 Rbc7 31. Qb5 Ra8 32. Rhf2 Qc6 33. Qf1 a4 34.
Qg1 axb3 35. axb3 Qa6 36. Qg2 Rc3 37. Bxc3 bxc3 38. Qd5+ e6 39. Qd8+ Rxd8 40.
Rxd8+ Kf7 41. Rf3 Qc6 42. Rf1 Qb5 43. Rf2 Qb6 44. Rd7+ Ke8 0-1

[Event "DEM U18 2015"]
[Site "Willingen GER"]
[Date "2015.05.24"]
[Round "2"]
[White "Brinkmann, Fabian"]
[Black "Eichstaedt, Mirko"]
[Result "1-0"]
[Termination "normal"]
[Board "9"]
[WhiteElo "1972"]
[BlackElo "2044"]
[PlyCount "91"]
[WhiteFideId "24661414"]
[BlackFideId "24692310"]
[EventCountry "GER"]
[EventRounds "9"]
[EventType "swiss"]
[EventDate "2015.05.23"]

1. e4 c5 2. Nf3 e6 3. d4 cxd4 4. Nxd4 Nc6 5. c4 Qc7 6. Nc3 a6 7. Be3 Nf6 8. Qd2
Be7 9. Be2 O-O 10. O-O d6 11. Rfd1 Bd7 12. Rac1 Rac8 13. f3 Qb8 14. Bf1 Nxd4
15. Bxd4 Bc6 16. b4 b5 17. cxb5 axb5 18. a4 bxa4 19. b5 Bd7 20. Nxa4 Rxc1 21.
Rxc1 Bxb5 22. Rb1 Bxa4 23. Rxb8 Rxb8 24. Qa5 Bd7 25. g4 e5 26. Bb6 h6 27. h4
Re8 28. Qa7 Bc6 29. Qc7 Ba4 30. Bc4 Nd7 31. Bf2 Nc5 32. Bxc5 dxc5 33. g5 hxg5
34. hxg5 g6 35. Qxe5 Bd7 36. Qc7 Be6 37. Bb5 Bd8 38. Qxc5 Rf8 39. f4 f5 40. Bc4
Bxc4 41. Qxc4+ Kh7 42. e5 Kg7 43. Qc6 Rf7 44. Qh1 Bb6+ 45. Kf1 Kg8 46. Qc6 1-0